Billie Eilish: Complete Discography - Statistics

General Stats
  • This quiz has been taken 351 times
    275 since last reset
  • The average score is 44 of 62
Answer Stats
Album Song % Correct
When We All Fall Asleep, Where Do We Go? Bad Guy
95%
Happier Than Ever Happier Than Ever
94%
Don't Smile At Me Ocean Eyes
92%
Hit Me Hard And Soft Birds Of A Feather
90%
Hit Me Hard And Soft Lunch
86%
Hit Me Hard And Soft Wildflower
86%
Hit Me Hard And Soft Chihiro
85%
Hit Me Hard And Soft Blue
84%
Don't Smile At Me Bellyache
83%
Guitar Songs TV
83%
When We All Fall Asleep, Where Do We Go? Bury A Friend
82%
Don't Smile At Me Copycat
82%
Don't Smile At Me Idontwannabeyouanymore
81%
Hit Me Hard And Soft Skinny
81%
Hit Me Hard And Soft The Diner
81%
When We All Fall Asleep, Where Do We Go? You Should See Me In A Crown
81%
Hit Me Hard And Soft L'Amour De Ma Vie
79%
Hit Me Hard And Soft The Greatest
79%
When We All Fall Asleep, Where Do We Go? All The Good Girls Go To Hell
78%
When We All Fall Asleep, Where Do We Go? I Love You
78%
Soundtracks What Was I Made For?
78%
When We All Fall Asleep, Where Do We Go? Ilomilo
77%
When We All Fall Asleep, Where Do We Go? When The Party's Over
77%
When We All Fall Asleep, Where Do We Go? 8
76%
Don't Smile At Me (Bonus) Lovely
76%
Guitar Songs The 30th
76%
Happier Than Ever Therefore I Am
76%
Happier Than Ever Billy Bossa Nova
74%
Hit Me Hard And Soft Bittersuite
74%
Happier Than Ever NDA
74%
When We All Fall Asleep, Where Do We Go? Xanny
74%
When We All Fall Asleep, Where Do We Go? Wish You Were Gay
73%
When We All Fall Asleep, Where Do We Go? Goodbye
72%
Happier Than Ever Oxytocin
72%
Happier Than Ever Male Fantasy
71%
Don't Smile At Me Watch
71%
Happier Than Ever Getting Older
69%
When We All Fall Asleep, Where Do We Go? Listen Before I Go
69%
Don't Smile At Me (Bonus) &Burn
68%
When We All Fall Asleep, Where Do We Go? (Bonus) Everything I Wanted
68%
Happier Than Ever Halley's Comet
68%
Don't Smile At Me My Boy
68%
Happier Than Ever My Future
68%
Soundtracks No Time To Die
68%
Don't Smile At Me Party Favor
68%
Happier Than Ever Your Power
68%
When We All Fall Asleep, Where Do We Go? My Strange Addiction
67%
Happier Than Ever Goldwing
65%
Happier Than Ever I Didn't Change My Number
64%
Don't Smile At Me Hostage
63%
Happier Than Ever Not My Responsibility
63%
Happier Than Ever Lost Cause
62%
Happier Than Ever Overheated
62%
Soundtracks Bored
60%
Singles Six Feet Under
58%
Don't Smile At Me (Bonus) Bitches Broken Hearts
56%
When We All Fall Asleep, Where Do We Go? (Bonus) Come Out And Play
55%
Happier Than Ever Everybody Dies
55%
When We All Fall Asleep, Where Do We Go? (Bonus) When I Was Older
50%
Soundtracks Lo Vas a Olvidar
49%
Singles Fingers Crossed
8%
Singles She's Broken
6%
No matching quizzes found
Score Distribution
Percent of People with Each Score
Percentile by Number Answered
Your Score History
You have not taken this quiz since the last reset